Reklama ve světle paragrafů.

Reklama je jednou z orientačných pomôcok na trhu a prostriedkom konkurenčného boja medzi súťažiacimi. Vývoj reklamy postupoval od informovania o výrobku k vytváraniu určitej potreby, k presvedčovaniu spotrebiteľa o nevyhnutnosti jej uspokojenia. Tento vývoj viedol k rozlišovaniu dvoch druhov reklamy...

ver descrição completa

Na minha lista:
Detalhes bibliográficos
Autor principal: Munková, J.
Formato: Capítulo de Livro
Idioma:tcheco
Assuntos:
Tags: Adicionar Tag
Sem tags, seja o primeiro a adicionar uma tag!

MARC

LEADER 00000naa a2200000 4500
001 r008198
005 20220831084057.9
041 0 |a cze 
044 |a [CS] 
245 1 0 |a Reklama ve světle paragrafů.  |c J. Munková 
520 |a Reklama je jednou z orientačných pomôcok na trhu a prostriedkom konkurenčného boja medzi súťažiacimi. Vývoj reklamy postupoval od informovania o výrobku k vytváraniu určitej potreby, k presvedčovaniu spotrebiteľa o nevyhnutnosti jej uspokojenia. Tento vývoj viedol k rozlišovaniu dvoch druhov reklamy - informatívnej a presvedčovacej. Normy, zabraňujúce nenáležitému správaniu sa v oblasti reklamy - postihnuteľnému sankciami. Charakteristika reklamy. 
610 2 0 |a reklama 
610 2 0 |a právo obchodné 
610 2 0 |a sankcie 
100 1 |a Munková, J.